00342nam a2200121Ia 4500008004100000100003000041245007000071260002700141300000900168650002100177942000700198999001500205190216s9999||||xx |||||||||||||| ||und|| aAgrawal Ss And Subas Pana 0aInformation Technology Applications In Language Script And Speech bBpb Publicationsc1994 a525p aComputer Science cBK c8553d8553